书目信息 |
| 题名: |
第二语言研究中的问卷调查方法
|
|
| 作者: | 佐尔坦·德尔涅伊 , 龙谷田口 著 | |
| 分册: | 英文、中文 | |
| 出版信息: | 北京 外语教学与研究出版社 2011.10 |
|
| 页数: | xxxii, 195页 | |
| 开本: | 22cm | |
| 丛书名: | 全国高等学校外语教师丛书·科研方法系列 | |
| 单 册: | ||
| 中图分类: | H003 | |
| 科图分类: | ||
| 主题词: | 语言学 | |
| 电子资源: | ||
| ISBN: | 978-7-5135-1443-9 | |
| 000 | 01043nam0 2200265 450 | |
| 001 | 2530883376 | |
| 005 | 20250107084213.85 | |
| 010 | @a978-7-5135-1443-9@dCNY53.90 | |
| 100 | @a20250107d2011 km y0chiy0120 ea | |
| 101 | 0 | @achi |
| 102 | @aCN@b110000 | |
| 200 | 1 | @a第二语言研究中的问卷调查方法@ADi Er Yu Yan Yan Jiu Zhong De Wen Juan Diao Cha Fang Fa@i英文、中文@f(英)佐尔坦·德尔涅伊,(日)龙谷田口著@F(Ying)Zuo Er Tan·De Er Nie Yi,(Ri)Long Gu Tian Kou Zhu |
| 205 | @a2版 | |
| 210 | @a北京@c外语教学与研究出版社@d2011.10 | |
| 215 | @axxxii, 195页@d22cm | |
| 225 | 2 | @a全国高等学校外语教师丛书·科研方法系列 |
| 410 | 0 | @12001 @a全国高等学校外语教师丛书·科研方法系列 |
| 510 | 1 | @a=Questionnaires in second language research : construction, administration, and processing |
| 517 | 1 | @a英文、中文@AYing Wen、Zhong Wen |
| 606 | 0 | @a语言学 |
| 690 | @aH003@v4 | |
| 701 | 0 | @a佐尔坦·德尔涅伊@AZuo Er Tan·De Er Nie Yi@4著 |
| 701 | 0 | @a龙谷田口@ALong Gu Tian Kou@4著 |
| 801 | 0 | @aCN@b河南城建学院图书馆@c20250107 |
| 905 | @dH003@eZ993 | |
| 第二语言研究中的问卷调查方法.英文、中文/(英)佐尔坦·德尔涅伊,(日)龙谷田口著.-2版.-北京:外语教学与研究出版社,2011.10 |
| xxxii, 195页;22cm.-(全国高等学校外语教师丛书·科研方法系列) |
| ISBN 978-7-5135-1443-9:CNY53.90 |
| ● |
| 相关链接 |
|
|
|
正题名:第二语言研究中的问卷调查方法
索取号:H003/Z993
 
预约/预借
| 序号 | 登录号 | 条形码 | 馆藏地/架位号 | 状态 | 备注 |
| 1 | 1554419 | 215544196 | 外国语学院资料室/ [索取号:H003/Z993] | 在馆 |